| 000 | 00394nam a22001697a 4500 | ||
|---|---|---|---|
| 005 | 20180221153621.0 | ||
| 008 | 160616b xxu||||| |||| 00| 0 eng d | ||
| 020 | _a81-242-0208-7 | ||
| 041 | _aeng | ||
| 082 |
_b7976 _a174.4 |
||
| 100 |
_aMurray, David _92105 |
||
| 245 | _aEthics in Organizations | ||
| 260 |
_bKogan Pages _c2001 |
||
| 300 | _a230 | ||
| 650 |
_aManagement _9241 |
||
| 942 | _cBK | ||
| 999 |
_c2945 _d2944 |
||